00267nam a2200085Ia 4500008004100000100001900041245007000060260004200130260000900172170620s9999 xx 000 0 und d aObulesu- M. C. 0aTotal Literacy Campaign with Special reference to adult drop-outs bNew Delhi- Discovery Publishing House c2005